|
|
|
|
| LEADER |
00000naa2a2200000 4500 |
| 001 |
154661 |
| 005 |
20231031151942.0 |
| 035 |
|
|
|a (RuTPU)RU\TPU\book\167756
|
| 090 |
|
|
|a 154661
|
| 100 |
|
|
|a 20090303d2008 k y0rusy50 ca
|
| 101 |
0 |
|
|a rus
|
| 102 |
|
|
|a RU
|
| 200 |
1 |
|
|a Проблемы инвестиционного процесса в России
|f А. Белоусов
|
| 320 |
|
|
|a Библиогр.: 3 назв.
|
| 463 |
|
0 |
|0 (RuTPU)RU\TPU\book\161559
|t Экономика России в XXI веке
|o сборник научных трудов V Всероссийской научно-практической конференции "Теоретические проблемы экономической безопасности России в XXI веке", Томск, 2008
|f Томский политехнический университет (ТПУ), Инженерно-экономический факультет, Кафедра экономики; под ред. Г. А. Барышевой
|v С. 97-99
|d 2008
|p 377 с.
|
| 610 |
1 |
|
|a инвестиции
|
| 610 |
1 |
|
|a Россия
|
| 610 |
1 |
|
|a иностранные инвестиции
|
| 610 |
1 |
|
|a кризис потребления
|
| 610 |
1 |
|
|a ипотечное страхование
|
| 610 |
1 |
|
|a прямые инвестиции
|
| 610 |
1 |
|
|a глобальный кризис
|
| 610 |
1 |
|
|a энергоресурсы
|
| 610 |
1 |
|
|a нефть
|
| 610 |
1 |
|
|a труды учёных ТПУ
|
| 700 |
|
1 |
|a Белоусов
|b А.
|
| 801 |
|
1 |
|a RU
|b 63413507
|c 20090303
|g PSBO
|
| 801 |
|
2 |
|a RU
|b 63413507
|c 20130206
|g RCR
|
| 942 |
|
|
|c BK
|